| 000 | 01728cam a2200205 4500500 | ||
|---|---|---|---|
| 005 | 20260322000159.0 | ||
| 041 | _afre | ||
| 042 | _adc | ||
| 100 | 1 | 0 |
_aBost, François _eauthor |
| 700 | 1 | 0 |
_aCarroué, Laurent _eauthor |
| 700 | 1 | 0 |
_aColin, Sébastien _eauthor |
| 700 | 1 | 0 |
_aHumain-Lamoure _eauthor |
| 700 | 1 | 0 |
_aPihet, Christian _eauthor |
| 700 | 1 | 0 |
_aSanmartin, Olivier _eauthor |
| 700 | 1 | 0 |
_aTeurtrie, David _eauthor |
| 245 | 0 | 0 | _aImages économiques du monde 2018 : France la grande fracture |
| 260 |
_bArmand Colin,
_c2017. |
||
| 520 | _aDOSSIER - France : la grande fracture par Laurent CARROUÉ Dossier spécial : Élection présidentielle 2017 : les deux France par Céline COLANGE et Jérôme FOURQUET POPULATION ET SOCIÉTÉ coordonné par Anne-Lise HUMAIN-LAMOURE ENTREPRISES ET ÉCHANGES coordonné par François BOST et Laurent CARROUÉ AMÉRIQUES coordonné par Christian PIHET EUROPE coordonné par Laurent CARROUÉ EURASIE coordonné par David TEURTRIE MAGHREB/MOYEN-ORIENT coordonné par Olivier SANMARTIN AFRIQUE SUBSAHARIENNE coordonné par François BOST ASIE-PACIFIQUE coordonné par Sébastien COLIN 7 zooms thématiques : Démographie – Inégalités – Villes – Mobilités – Éducation – Santé – Environnement L’actualité géoéconomique en 6 secteurs : Entreprises – Industries – Échanges Finances – Agriculture – Ressources Le monde en 117 fiches pays et 24 tableaux statistiques synthétiques 3 métropoles décryptées : Bogotá – Djeddah – Bangalore 66 auteurs géographes, historiens, économistes, politologues, journalistes | ||
| 856 | 4 | 1 | _uhttps://shs.cairn.info/images-economiques-du-monde-2018--9782200620035?lang=fr&redirect-ssocas=7080 |
| 999 |
_c1703913 _d1703913 |
||